Länder mit den meisten Feiertagen 2024 - Statistiken

Allgemein
  • Dieses Quiz wurde 103 mal gespielt
  • Das Durchschnittsergebnis liegt bei 8 aus 21
Antwortstatistiken
# Land % Korrekt
16 Japan
88%
21 Indien
73%
16 Thailand
62%
16 Pakistan
54%
16 Indonesien
51%
26 Iran
49%
32 Myanmar
43%
39 Nepal
41%
22 Bangladesch
38%
21-25 Malaysia
38%
25 Sri Lanka
33%
21 Kambodscha
31%
18 Philippinen
31%
22 Ägypten
30%
16 Kasachstan
26%
19 Argentinien
22%
16 Island
17%
19 Libanon
13%
18 Kolumbien
12%
20-22 Liechtenstein
3%
16 Tansania
3%
Keine übereinstimmenden Quizze gefunden
Verteilung der Resultate
Anzahl Personen mit jedem Resultat
Perzentil nach korrekt beantworteten Fragen
Ihre Resultats-Entwicklung
Sie haben dieses Quiz noch nicht gespielt